Comunicación masiva y revolución socialista /
Sparad:
| Huvudupphovsman: | |
|---|---|
| Övriga upphovsmän: | , |
| Materialtyp: | Okänd |
| Språk: | Spanish |
| Publicerad: |
México :
Editorial Diógenes
|
| Upplaga: | 3 era. edición |
| Ämnen: | |
| Taggar: |
Lägg till en tagg
Inga taggar, Lägg till första taggen!
|
MARC
| LEADER | 00000 a2200000 04500 | ||
|---|---|---|---|
| 001 | 49293 | ||
| 003 | cru CIDCACS/IIS | ||
| 005 | 20190423110117.0 | ||
| 008 | 050524s19711976mx spa d | ||
| 999 | |c 16214 |d 16214 | ||
| 020 | |a [sin ISBN] | ||
| 040 | |c cru CIDCACS/IIS | ||
| 090 | |a 08.16.01 M435c | ||
| 100 | |a Mattelart, Armand | ||
| 245 | |a Comunicación masiva y revolución socialista / |c Armand Mattelart, Patricio Biedma y Santiago Funes | ||
| 250 | |a 3 era. edición | ||
| 260 | |a México : |b Editorial Diógenes | ||
| 300 | |a 332 páginas | ||
| 500 | |a Colección Alforja | ||
| 650 | |a COMUNICACION DE MASAS | ||
| 650 | |2 Macrothesaurus de la OCDE/ | ||
| 650 | |a IMPERIALISMO | ||
| 650 | |2 Macrothesaurus de la OCDE/ | ||
| 650 | |a MANIPULACION | ||
| 650 | |2 Macrothesaurus de la OCDE/ | ||
| 650 | |a REVOLUCION | ||
| 650 | |2 Macrothesaurus de la OCDE/ | ||
| 650 | |a IMPERIALISMO | ||
| 650 | |2 Macrothesaurus de la OCDE/ | ||
| 650 | |a SOCIALISMO | ||
| 650 | |2 Macrothesaurus de la OCDE/ | ||
| 650 | |a BURGUESIA | ||
| 650 | |2 Macrothesaurus de la OCDE/ | ||
| 650 | |a AUTORITARISMO | ||
| 650 | |2 Macrothesaurus de la OCDE/ | ||
| 650 | |a LIBERTAD DE OPINION | ||
| 650 | |2 Macrothesaurus de la OCDE/ | ||
| 650 | |a PRENSA | ||
| 650 | |2 Macrothesaurus de la OCDE/ | ||
| 650 | |a LUCHA DE CLASES | ||
| 650 | |2 Macrothesaurus de la OCDE | ||
| 651 | |a AMERICA LATINA | ||
| 651 | |a CHILE | ||
| 700 | |a Biedma Patricio | ||
| 700 | |a Funes Santiago | ||
| 942 | |2 ddc |c LI | ||
